| 000 | 01722nam0a22003011 4500 | ||
|---|---|---|---|
| 001 | rc\2770089 | ||
| 005 | 20250806202714.0 | ||
| 035 | _a(NLR Aleph) 007210570 | ||
| 090 |
_a58546 _c58546 |
||
| 100 | _a20110915d1941 u y0rusy50 ca | ||
| 101 | 0 | _arus | |
| 102 | _aRU | ||
| 105 | _aa z ||||| | ||
| 200 | 1 |
_aСборник научных работ, посвященный тридцатипятилетию врачебной, научно-педагогической и общественной деятельности заслуженного деятеля науки, профессора С. Н. Давиденкова. 1904-1939 _f[Отв. ред. В. Н Крылов] _gГос. ордена Ленина ин-т усовершенствования врачей им. С. М. Кирова |
|
| 210 |
_aЛенинград _cОрдена Ленина ГИДУВ им. С. М. Кирова _d1941 |
||
| 215 |
_a160 с., 12 вкл. л. ил. _cил. _d24 см. |
||
| 300 | _aЗагл. обл.: Сборник научных работ, посвященных профессору С. Н. Давиденкову | ||
| 512 | 0 | _aСборник научных работ, посвященных профессору С. Н. Давиденкову | |
| 600 | 1 |
_aДавиденков _bС.Н. _gСергей Николаевич |
|
| 702 | 1 |
_aКрылов _bВ.Н. _4340 |
|
| 712 | 0 | 2 | _aИнститут для усовершенствования врачей им. Кирова (Ленинград) |
| 801 | 0 |
_aRU _bNLR _gpsbo |
|
| 801 | 1 |
_aRU _bELAR _2rusmarc |
|
| 852 |
_aNLR _jМд50 Г-7/3 |
||
| 942 | _cBOOK | ||
| 945 | _aРоссийская национальная библиотека | ||
| 980 | _aNB | ||
| 980 | _aBV | ||